Data structures (Record no. 5672)

MARC details
000 -LEADER
fixed length control field 00348nam a2200145Ia 4500
008 - FIXED-LENGTH DATA ELEMENTS--GENERAL INFORMATION
fixed length control field 191201s2012 xx 000 0 und d
082 ## - DEWEY DECIMAL CLASSIFICATION NUMBER
Classification number 005.73
Item number LID
100 ## - MAIN ENTRY--PERSONAL NAME
Personal name LIPSCHUTZ, Seymour
245 #0 - TITLE STATEMENT
Title Data structures
250 ## - EDITION STATEMENT
Edition statement Rep
260 ## - PUBLICATION, DISTRIBUTION, ETC. (IMPRINT)
Place of publication, distribution, etc N.Delhi
Name of publisher, distributor, etc Tata mc Graw Hill
Date of publication, distribution, etc 2012
300 ## - PHYSICAL DESCRIPTION
Extent misc.
650 ## - SUBJECT ADDED ENTRY--TOPICAL TERM
Topical term or geographic name as entry element B.Tech(CSE)
942 ## - ADDED ENTRY ELEMENTS (KOHA)
Source of classification or shelving scheme Dewey Decimal Classification
Koha item type Text Books
942 ## - ADDED ENTRY ELEMENTS (KOHA)
-- 21
Holdings
Withdrawn status Lost status Source of classification or shelving scheme Damaged status Not for loan Collection code Home library Current library Date acquired Source of acquisition Cost, normal purchase price Bill Number Total Checkouts Full call number Acc. no. / Barcode Date last seen Date last borrowed Bill Date Koha item type Checked out Public note
    Dewey Decimal Classification     B.Tech(CSE) PIET C-LIBRARY PIET C-LIBRARY 09/05/2013 IBH, New Delhi 365.00 1021 6 005.73 LID 22026 04/06/2026 23/01/2024 06/05/2013 Text Books    
    Dewey Decimal Classification     B.Tech(CSE) PIET C-LIBRARY PIET C-LIBRARY 09/05/2013 IBH, New Delhi 365.00 1021 1 005.73 LID 22027 21/01/2022 21/01/2022 06/05/2013 Text Books 20/07/2022 .
    Dewey Decimal Classification     B.Tech(CSE) PIET C-LIBRARY PIET C-LIBRARY 09/05/2013 IBH, New Delhi 365.00 1021 9 005.73 LID 22028 15/10/2025 09/10/2025 06/05/2013 Text Books    
    Dewey Decimal Classification     B.Tech(CSE) PIET C-LIBRARY PIET C-LIBRARY 09/05/2013 IBH, New Delhi 365.00 1021 21 005.73 LID 22029 31/12/2024 26/12/2024 06/05/2013 Text Books    
    Dewey Decimal Classification     B.Tech(CSE) PIET C-LIBRARY PIET C-LIBRARY 09/05/2013 IBH, New Delhi 365.00 1021 1 005.73 LID 22030 03/11/2020 03/11/2020 06/05/2013 Text Books 17/11/2020  

Design & Developed by: PIET Central Library
R70 Miles Stone Pattikalyana Samalkha Panipat 132102
mail ID :- [email protected], Phone No:- 0180-2569700 Ex.216